| 000 | 00000nam 2200000zi 4500 |
| 001 | 9.902889 |
| 003 | CaOODSP |
| 005 | 20221107180104 |
| 006 | m o d f |
| 007 | cr |n||||||||| |
| 008 | 210826t20212021oncd ob f|0| 0 eng d |
| 040 | |aCaOODSP|beng|erda|cCaOODSP |
| 043 | |an-cn--- |
| 086 | 1 |aFB3-5/2021-28E-PDF |
| 100 | 1 |aChen, Heng, |d1981- |eauthor. |
| 245 | 10|aConsumer cash withdrawal behaviour : |bbranch networks and online financial innovation / |cby Heng Chen, Matthew Strathearn and Marcel Voia. |
| 264 | 1|aOttawa, Ontario, Canada : |bBank of Canada = Banque du Canada, |c2021. |
| 264 | 4|c©2021 |
| 300 | |a1 online resource (ii, 51 pages) : |bcharts. |
| 336 | |atext|btxt|2rdacontent |
| 337 | |acomputer|bc|2rdamedia |
| 338 | |aonline resource|bcr|2rdacarrier |
| 490 | 1 |aStaff working paper = |aDocument de travail du personnel, |x1701-9397 ; |v2021-28 |
| 500 | |a"Last updated: June 17, 2021." |
| 504 | |aIncludes bibliographical references (pages 32-36). |
| 520 | |a"Constructing a novel micro-geographic individual-level data set, we study the relevance of shoe-leather costs on cash withdrawals. An unexplored issue in the literature is the consistent estimation of the marginal effect of travel distance on withdrawals when a fraction of unobserved withdrawals have free/low shoe-leather cost, i.e., consumers withdraw upon conveniently encountering a free/low cost withdrawal opportunity"--Abstract, page ii. |
| 650 | 0|aConsumer behavior|xResearch|zCanada. |
| 650 | 0|aBanks and banking|zCanada. |
| 650 | 6|aConsommateurs|xComportement|xRecherche|xCanada. |
| 650 | 6|aServices bancaires|zCanada. |
| 710 | 2 |aBank of Canada, |eissuing body. |
| 830 | #0|aStaff working paper (Bank of Canada)|v2021-28.|w(CaOODSP)9.806221 |
| 856 | 40|qPDF|s3.40 MB|uhttps://publications.gc.ca/collections/collection_2021/banque-bank-canada/FB3-5-2021-28-eng.pdf |